Effect of growth regulators on polyamine content and peroxidase activity in Hevea brasiliensis callus (Record no. 57877)

MARC details
000 -LEADER
fixed length control field 00518nam a2200181Ia 4500
100 ## - MAIN ENTRY--AUTHOR NAME
Personal name El Hadrami I
245 #0 - TITLE STATEMENT
Title Effect of growth regulators on polyamine content and peroxidase activity in Hevea brasiliensis callus
260 ## - PUBLICATION, DISTRIBUTION, ETC. (IMPRINT)
Name of publisher Annals of Botany
Year of publication 1992
300 ## - PHYSICAL DESCRIPTION
Number of Pages 323-325
650 ## - SUBJECT ADDED ENTRY--TOPICAL TERM
Topical Term Hevea brasiliensis
650 ## - SUBJECT ADDED ENTRY--TOPICAL TERM
Topical Term Peroxidase
650 ## - SUBJECT ADDED ENTRY--TOPICAL TERM
Topical Term Polyamines
650 ## - SUBJECT ADDED ENTRY--TOPICAL TERM
Topical Term Rubber trees
650 ## - SUBJECT ADDED ENTRY--TOPICAL TERM
Topical Term Somatic embryogenesis
700 ## - ADDED ENTRY--PERSONAL NAME
Personal name DAuzac J
942 ## - ADDED ENTRY ELEMENTS (KOHA)
Koha item type Journals
Holdings
Withdrawn status Lost status Damaged status Not for loan Home library Current library Date acquired Serial Enumeration / chronology Koha item type
      Journals RRII Library RRII Library 17/12/2021 Volume 69, Issue 4 Journals